000
00298nam a22001337a 4500
008
170615b xxu||||| |||| 00| 0 eng d
020
_a
9781111833152
041
_a
eng
080
_2
4TH
_a
327
100
_a
19
101
_a
SHP
245
_a
INTERNATIONAL RELATIONS
_c
SHIMKO,K.L
942
_2
udc
_c
BK
999
_c
17633
_d
17633